Слово о полку Игореве

Бібліографічні деталі
Інші автори: Майков А. Н. Аполлон Николаевич (переводчик), Белоусов Р. Л. Роман Леонидович (иллюстратор)
Резюме:Текст дан на рус. и древнерусском яз.
Мова:Російська
Церковнослов'янська
Опубліковано: Ярославль, Верхне-Волжское книжное изд-во, 1971
Предмети:
Формат: MixedMaterials Книга
KOHA link:https://koha.lib.tpu.ru/cgi-bin/koha/opac-detail.pl?biblionumber=373624

MARC

LEADER 00000nam0a2200000 4500
001 373624
005 20231102012601.0
010 |b 50000 экз. 
035 |a (RuTPU)RU\TPU\retro\31054 
035 |a RU\TPU\book\272545 
090 |a 373624 
100 |a 20221216d1971 m y0rusy50 ca 
101 1 |a rus  |a chu  |c chu 
102 |a RU 
105 |a a z 000gy 
200 1 |a Слово о полку Игореве  |f пер. А. Н. Майкова ; худож. Р. Л. Белоусов 
210 |a Ярославль  |c Верхне-Волжское книжное изд-во  |d 1971 
215 |a 70 с.  |c цв. ил.  |d 12 см. 
300 |a Текст дан на рус. и древнерусском яз. 
606 1 |a Русская литература, дореволюционная  |2 stltpush  |3 (RuTPU)RU\TPU\subj\26371  |9 50314 
610 1 |a Древняя Русь 
610 1 |a древнерусская литература 
610 1 |a литературные памятники 
610 1 |a устное народное творчество 
610 1 |a палехская миниатюра 
610 1 |a палех 
610 1 |a миниатюрные издания 
675 |a Р1  |v 3 
702 1 |a Майков  |b А. Н.  |c русский поэт  |f 1821-1897  |g Аполлон Николаевич  |2 stltpush  |3 (RuTPU)RU\TPU\pers\13190  |4 730  |9 3874 
702 1 |a Белоусов  |b Р. Л.  |c палехский художник  |c заслуженный художник РСФСР  |c иллюстратор  |f 1928-  |g Роман Леонидович  |2 stltpush  |3 (RuTPU)RU\TPU\pers\18231  |4 440  |9 6766 
801 1 |a RU  |b 63413507  |c 20140212 
801 2 |a RU  |b 63413507  |c 20221216  |g RCR 
942 |c BK